| 000 | 00412nam a2200157Ia 4500 | ||
|---|---|---|---|
| 100 | _aKeinert/Joachim/ Teich/Jurgen | ||
| 650 | _aimage processing | ||
| 942 | _cRB | ||
| 366 | _f20 | ||
| 654 | _aimage processing | ||
| 245 | _aDesign of Image processing embedded systems using Multidimensional data flow | ||
| 260 |
_bSpringer _c2011 |
||
| 082 |
_a3.3 _bKEI |
||
| 300 | _a311 | ||
| 546 |
_aENGLISH _cPAMPHALETS |
||
| 999 |
_c22994 _d22994 |
||